000 00900cam a22003017a 4500
003 CHAP
005 20220817041621.0
008 971013s1974 r 00010 d
010 _a19787
011 _a20759
035 _a24847
040 _cCHAP
082 _a080
_bS4 v.170
100 0 0 _aAndrade, Carmen.
_95673
245 1 3 _aLa pinacoteca virreinal
260 _aMéxico, D.F., :
_bSecretaría de Educación Pública,
_c1974
300 _a158 p.
_b: ilus
490 0 _aSEP. Setentas
_v; 170
590 _aBATCH-UPD
_b10
_c20130110
_lUCH01
_h0236
590 _aBATCH-UPD
_b10
_c20130110
_lUCH01
_h1823
590 _aCONVERSION
_b10
_c20130109
_lUCH01
_h1312
650 1 4 _aPintores mexicanos.
_988310
650 1 4 _aPintura religiosa.
_988317
830 0 _aSEP. Setentas
_v; 170
901 _aBK
942 _cLIBRO
949 _a080 S4 v.170
_bBC
_cLIBRO
_d33724000310264
_eLIBRO
_h44427
_i24847
_mD
_si
999 _c19787
_d19787